[Event "16th Unive op"]
[Site "Hoogeveen NED"]
[Date "2012.10.24"]
[Round "6.2"]
[White "Riemersma, Liafbern"]
[Black "Van Kampen, Robin"]
[Result "1-0"]
[WhiteElo "2420"]
[BlackElo "2570"]
[EventDate "2012.10.19"]
[PlyCount "45"]

1.d4 Nf6 2.c4 e6 3.Nc3 Bb4 4.g3 O-O 5.Bg2 d5 6.Nf3 dxc4 7.O-O Nc6 8.Bg5 h6
9.Bxf6 Qxf6 10.e3 Rb8 11.Nd2 Na5 12.Qc2 b5 13.a3 Be7 14.a4 b4 15.Nce4 Qf5 
16.Nxc4 b3 17.Qc1 Ba6 18.g4 Qxg4 19.Nxa5 Bxf1 20.Qxf1 f5 21.Nc6 Rbe8 22.
Ne5 Qh4 23.Ng6 1-0

[Event "16th Unive op"]
[Site "Hoogeveen NED"]
[Date "2012.10.24"]
[Round "6.3"]
[White "Guramishvili, Sopiko"]
[Black "Nijboer, Friso"]
[Result "0-1"]
[WhiteElo "2418"]
[BlackElo "2525"]
[EventDate "2012.10.19"]
[PlyCount "66"]

1.d4 f5 2.Nf3 Nf6 3.g3 g6 4.Bg2 Bg7 5.O-O O-O 6.b3 Nc6 7.Bb2 e6 8.c4 Ne4 
9.Nbd2 d5 10.e3 a5 11.a3 Bd7 12.Ne1 a4 13.Nxe4 fxe4 14.b4 Ne7 15.Nc2 Nf5 
16.f3 Nd6 17.c5 exf3 18.Rxf3 Nf7 19.Rf2 Bb5 20.Qg4 Qe7 21.Re1 Nh6 22.Rxf8+
Rxf8 23.Qd1 Qf6 24.Bc1 Bc4 25.Kh1 c6 26.e4 dxe4 27.Rxe4 Nf5 28.Bf4 Qd8 29.
Qd2 Bd5 30.Re1 Nxd4 31.Nxd4 Bxd4 32.Bxd5 Qxd5+ 33.Qg2 e5 0-1

[Event "16th Unive op"]
[Site "Hoogeveen NED"]
[Date "2012.10.24"]
[Round "6.6"]
[White "Ernst, Sipke"]
[Black "Bezemer, Arno J"]
[Result "1-0"]
[WhiteElo "2554"]
[BlackElo "2329"]
[EventDate "2012.10.19"]
[PlyCount "91"]

1.c4 e5 2.Nc3 d6 3.g3 f5 4.Bg2 Nf6 5.b4 Be7 6.d3 O-O 7.Nf3 c6 8.O-O Qe8 9.
Rb1 Qh5 10.c5 dxc5 11.b5 Bd6 12.Nd2 f4 13.Nce4 Nxe4 14.Nxe4 Be7 15.Qa4 
cxb5 16.Qxb5 Nc6 17.Bb2 Qxe2 18.Nxc5 f3 19.Rfe1 Qc2 20.Rec1 Qd2 21.Bf1 
Bxc5 22.Qxc5 Qh6 23.Bxe5 Nxe5 24.Qxe5 Bd7 25.d4 Rae8 26.Qd5+ Be6 27.Qxb7 
Bxa2 28.Ra1 Be6 29.Re1 Rf7 30.Qc6 Rfe7 31.Rxa7 Qg6 32.Rxe7 Rxe7 33.d5 Bd7 
34.Qxg6 Rxe1 35.Qh5 Bb5 36.Qxf3 Bxf1 37.Qc3 Rd1 38.Qc8+ Kf7 39.Qe6+ Kf8 
40.Qc8+ Kf7 41.Qc7+ Kg8 42.Qb8+ Kf7 43.Qa7+ Kf6 44.Qa4 Be2+ 45.Kg2 Rxd5 
46.Qc6+ 1-0

[Event "16th Unive op"]
[Site "Hoogeveen NED"]
[Date "2012.10.24"]
[Round "6.8"]
[White "Hendriks, Willy"]
[Black "Van Foreest, Jorden"]
[Result "1-0"]
[WhiteElo "2437"]
[BlackElo "2225"]
[EventDate "2012.10.19"]
[PlyCount "93"]

1.e4 c6 2.d4 d5 3.exd5 cxd5 4.c4 Nf6 5.Nc3 Nc6 6.Bg5 dxc4 7.d5 Ne5 8.Bxc4 
Nxc4 9.Qa4+ Bd7 10.Qxc4 g6 11.Nf3 Bg7 12.O-O O-O 13.Rfe1 Re8 14.Ne5 Bf5 
15.Rad1 Rc8 16.Qh4 Qb6 17.d6 Qxb2 18.dxe7 Qxc3 19.Bxf6 Bxf6 20.Qxf6 Be6 
21.h4 Qb4 22.Nxg6 hxg6 23.Rxe6 fxe6 24.Qxg6+ Kh8 25.Qh6+ Kg8 26.Qg6+ Kh8 
27.Qh6+ Kg8 28.Qxe6+ Kg7 29.Qe5+ Kf7 30.Rd4 Qb1+ 31.Kh2 Qg6 32.h5 Qg7 33.
Qd5+ Kxe7 34.Qd7+ Kf8 35.Rf4+ Kg8 36.Rg4 Qxg4 37.Qxg4+ Kh8 38.Qd4+ Kg8 39.
Qd5+ Kh8 40.Qxb7 Rc5 41.Qf7 Rce5 42.g4 a5 43.g5 a4 44.h6 R5e7 45.Qf6+ Kh7 
46.Qf5+ Kg8 47.g6 1-0

[Event "16th Unive op"]
[Site "Hoogeveen NED"]
[Date "2012.10.24"]
[Round "6.9"]
[White "Kerigan, Demre"]
[Black "Kasparov, Sergey"]
[Result "1/2-1/2"]
[WhiteElo "2238"]
[BlackElo "2476"]
[EventDate "2012.10.19"]
[PlyCount "85"]

1.e4 g6 2.d4 Bg7 3.Nc3 c6 4.Nf3 d5 5.h3 Nf6 6.e5 Ne4 7.Nxe4 dxe4 8.Ng5 c5 
9.d5 Bxe5 10.Nxe4 Nd7 11.c3 O-O 12.Bh6 Re8 13.Be2 Qc7 14.O-O Nf6 15.Ng5 
Bf5 16.Bc4 Bd6 17.Qf3 Nd7 18.Rae1 f6 19.g4 fxg5 20.gxf5 Rf8 21.Rxe7 Rxf5 
22.Qe4 Re5 23.Rxe5 Nxe5 24.Qxe5 Bxe5 25.d6+ Qf7 26.Bxf7+ Kxf7 27.d7 Bf6 
28.Rd1 Rd8 29.h4 Ke6 30.Bxg5 Bxg5 31.hxg5 Rxd7 32.Rxd7 Kxd7 33.Kg2 Ke6 34.
f4 Kd5 35.Kf3 b5 36.Ke3 Kc4 37.Kd2 b4 38.cxb4 Kxb4 39.Kd3 a5 40.b3 Ka3 41.
Kc3 Kxa2 42.Kc2 Ka3 43.Kc3 1/2-1/2

[Event "16th Unive op"]
[Site "Hoogeveen NED"]
[Date "2012.10.24"]
[Round "6.10"]
[White "Vedder, Richard"]
[Black "De Jong, Migchiel"]
[Result "0-1"]
[WhiteElo "2267"]
[BlackElo "2369"]
[EventDate "2012.10.19"]
[PlyCount "144"]

1.e4 c5 2.Nf3 e6 3.Nc3 a6 4.g3 Nc6 5.d4 cxd4 6.Nxd4 Qc7 7.Bg2 d6 8.O-O Bd7
9.Re1 Be7 10.Nxc6 Bxc6 11.a4 Nf6 12.a5 O-O 13.Be3 Rae8 14.Qd2 Qb8 15.Reb1 
Rd8 16.Qe2 Nd7 17.f4 Bf6 18.Rd1 Bxc3 19.bxc3 Qc7 20.Qc4 Rc8 21.Qb4 d5 22.
exd5 Bxd5 23.Bxd5 exd5 24.Rxd5 Nf6 25.Rd3 Rfe8 26.Rad1 h6 27.Qb6 Qe7 28.
Bf2 Rc6 29.Qd4 Qc7 30.Qb4 Rc4 31.Qb6 Rxc3 32.Qxc7 Rxc7 33.c3 Re2 34.Re1 
Rxe1+ 35.Bxe1 Ne4 36.Kg2 f5 37.Kf3 Kf7 38.Ke3 Re7 39.Kf3 Ke8 40.Rd5 Nf6 
41.Re5 Nd7 42.Rxe7+ Kxe7 43.c4 Nb8 44.Bb4+ Ke6 45.Bc5 Nc6 46.Bb6 h5 47.h3 
Ne7 48.g4 hxg4+ 49.hxg4 g6 50.g5 Nc8 51.Bc7 Nd6 52.Ke3 Nxc4+ 53.Kd4 Kd7 
54.Kxc4 Kxc7 55.Kc5 b6+ 56.axb6+ Kb7 57.Kd5 a5 58.Ke6 a4 59.Kf6 a3 60.Kxg6
a2 61.Kxf5 a1=Q 62.Kg6 Kxb6 63.f5 Kc7 64.f6 Kd7 65.Kf7 Qa2+ 66.Kg7 Qb2 67.
Kf7 Qb3+ 68.Kg7 Qc3 69.Kf7 Qc4+ 70.Kg7 Qd4 71.Kg8 Qd5+ 72.f7 Qxg5+ 0-1

[Event "16th Unive op"]
[Site "Hoogeveen NED"]
[Date "2012.10.24"]
[Round "6.12"]
[White "Van der Lende, Ilias"]
[Black "Schoorl, Rob"]
[Result "0-1"]
[WhiteElo "2169"]
[BlackElo "2363"]
[EventDate "2012.10.19"]
[PlyCount "74"]

1.e4 e5 2.Nf3 Nc6 3.Bc4 Bc5 4.c3 Nf6 5.d4 exd4 6.e5 d5 7.Bb5 Ne4 8.cxd4 
Bb6 9.Nbd2 O-O 10.Bxc6 bxc6 11.O-O c5 12.Nxe4 dxe4 13.dxc5 Bxc5 14.Ng5 Qd3
15.Bf4 h6 16.Qxd3 exd3 17.Ne4 Bb6 18.Rfd1 Bf5 19.Ng3 Bg6 20.Rac1 Rfe8 21.
Nf1 Rad8 22.Nd2 Bh5 23.Nf3 g5 24.Bg3 f5 25.exf6 Bxf3 26.gxf3 d2 27.Rb1 Ba5
28.Kg2 Re1 29.a3 c5 30.f4 g4 31.f3 Re2+ 32.Bf2 c4 33.Kg3 Rd3 34.Rf1 Rxf3+ 
35.Kxg4 Rfxf2 36.Rxf2 Rxf2 37.Rg1 Rg2+ 0-1

[Event "16th Unive op"]
[Site "Hoogeveen NED"]
[Date "2012.10.24"]
[Round "6.13"]
[White "Hopman, Pieter"]
[Black "Donker, Roel"]
[Result "0-1"]
[WhiteElo "2344"]
[BlackElo "2228"]
[EventDate "2012.10.19"]
[PlyCount "80"]

1.d4 Nf6 2.c4 e6 3.Nf3 Bb4+ 4.Nbd2 b6 5.g3 Bb7 6.Bg2 O-O 7.O-O h6 8.a3 
Bxd2 9.Qxd2 Be4 10.Rd1 d6 11.b4 Nbd7 12.Bb2 a6 13.Rac1 b5 14.c5 Nd5 15.Ne1
Bxg2 16.Nxg2 f5 17.Re1 f4 18.Rcd1 a5 19.e4 fxe3 20.fxe3 axb4 21.axb4 Ra4 
22.e4 Nxb4 23.Nf4 Qe8 24.cxd6 cxd6 25.Ra1 Rxa1 26.Bxa1 Nc6 27.Qa2 Kh8 28.
Qa6 e5 29.Qxc6 exf4 30.Qxd6 f3 31.Kf1 Qh5 32.h4 Qg4 33.Kf2 Qh3 34.d5 Kh7 
35.h5 Rf7 36.Ke3 f2 37.Qg6+ Kg8 38.Rc1 f1=Q 39.Rc8+ Nf8 40.Rxf8+ Kxf8 0-1

[Event "16th Unive op"]
[Site "Hoogeveen NED"]
[Date "2012.10.24"]
[Round "6.14"]
[White "Afek, Yochanan"]
[Black "Lee, Kai Jie Edward"]
[Result "1-0"]
[WhiteElo "2312"]
[BlackElo "2143"]
[EventDate "2012.10.19"]
[PlyCount "75"]

1.c4 Nf6 2.Nc3 e6 3.e4 d6 4.d4 Nbd7 5.f4 e5 6.fxe5 dxe5 7.dxe5 Nxe5 8.
Qxd8+ Kxd8 9.Bf4 Bd6 10.O-O-O Ke7 11.Bg3 Bg4 12.c5 Bxc5 13.Bxe5 Bxd1 14.
Bxf6+ Kxf6 15.Kxd1 Rad8+ 16.Kc2 Bxg1 17.Rxg1 Ke5 18.Bc4 f6 19.Rf1 g6 20.
Bd3 Rd6 21.Rf3 Re8 22.g4 c6 23.h4 b5 24.b3 a6 25.Nd1 c5 26.Nc3 Rc8 27.a4 
c4 28.bxc4 bxc4 29.Bf1 Rcc6 30.g5 fxg5 31.hxg5 Kd4 32.Rf7 Rc5 33.Rxh7 Rxg5
34.Rc7 Rg1 35.Ne2+ Ke3 36.Nxg1 Kf2 37.Bxc4 Kxg1 38.e5 1-0

[Event "16th Unive op"]
[Site "Hoogeveen NED"]
[Date "2012.10.24"]
[Round "6.15"]
[White "l`Ami, Erwin"]
[Black "Bosboom, Manuel"]
[Result "1-0"]
[WhiteElo "2631"]
[BlackElo "2402"]
[EventDate "2012.10.19"]
[PlyCount "73"]

1.d4 Nf6 2.c4 c5 3.d5 b5 4.cxb5 a6 5.e3 Ne4 6.Nd2 Nd6 7.e4 Qa5 8.e5 Nf5 9.
Nf3 axb5 10.Bd3 g6 11.O-O Bb7 12.Be4 Na6 13.d6 Qb6 14.Re1 Bg7 15.Bxb7 Qxb7
16.Ne4 e6 17.g4 Nd4 18.Nxd4 cxd4 19.Qxd4 Nb8 20.Bg5 Ra4 21.Qc3 O-O 22.Qf3 
Bxe5 23.Nf6+ Bxf6 24.Qxb7 Rxg4+ 25.Kf1 Rxg5 26.Rac1 Kg7 27.Rc8 Rxc8 28.
Qxc8 Nc6 29.Qxd7 Nd4 30.Qb7 Rd5 31.d7 h5 32.Rd1 Rd6 33.a3 g5 34.b3 Bd8 35.
Qc8 Bf6 36.a4 bxa4 37.bxa4 1-0

[Event "16th Unive op"]
[Site "Hoogeveen NED"]
[Date "2012.10.24"]
[Round "6.16"]
[White "Heemskerk, Wim"]
[Black "Vedder, Henk"]
[Result "0-1"]
[WhiteElo "2254"]
[BlackElo "2378"]
[EventDate "2012.10.19"]
[PlyCount "130"]

1.c4 Nf6 2.Nf3 e6 3.g3 a6 4.Bg2 b5 5.b3 c5 6.O-O Bb7 7.Bb2 Qb6 8.d3 Nc6 9.
e4 d6 10.Nbd2 Be7 11.Qe2 O-O 12.Rfd1 Rfe8 13.Nf1 Nd7 14.Ne3 Nde5 15.Nc2 
Bf6 16.Rab1 Nxf3+ 17.Bxf3 Bxb2 18.Rxb2 b4 19.Qe3 e5 20.Bg4 Qd8 21.h4 a5 
22.Kh2 Qe7 23.Qc1 a4 24.Ne3 Nd4 25.Nf5 Nxf5 26.Bxf5 axb3 27.axb3 Ra3 28.
Qd2 Rea8 29.Bh3 Bc6 30.Kg2 Qa7 31.Kh2 Qb7 32.Rdb1 R8a7 33.Rf1 Qa8 34.Rfb1 
Ra2 35.Bg4 Rxb2 36.Rxb2 Ra1 37.Bh3 h6 38.Bg4 Kh7 39.Bh3 g6 40.h5 g5 41.
Bf5+ Kg7 42.Kg2 Be8 43.Bg4 f5 44.Bxf5 Bxh5 45.g4 Be8 46.Qe2 Qa3 47.Qd2 Kf6
48.Bc8 Ke7 49.Bf5 Kd8 50.Be6 Kc7 51.Bf5 Kb6 52.Be6 Bc6 53.Bf5 Rd1 54.Qxd1 
Qxb2 55.Qh1 Qxb3 56.Qxh6 Qxd3 57.Qxg5 Qxc4 58.Qd8+ Kb5 59.g5 Bxe4+ 60.Bxe4
Qxe4+ 61.Kg3 Qd3+ 62.Kh2 b3 63.Qe8+ Kb4 64.g6 b2 65.Qb8+ Kc3 0-1

[Event "16th Unive op"]
[Site "Hoogeveen NED"]
[Date "2012.10.24"]
[Round "6.17"]
[White "Van Delft, Merijn"]
[Black "Go, Benjamin"]
[Result "1-0"]
[WhiteElo "2395"]
[BlackElo "2175"]
[EventDate "2012.10.19"]
[PlyCount "75"]

1.e4 d6 2.d4 Nf6 3.Nc3 g6 4.Be3 c6 5.h3 Nbd7 6.Nf3 Qc7 7.Qd2 b5 8.Bd3 Bg7 
9.O-O O-O 10.Ne2 c5 11.c3 Bb7 12.Ng3 e5 13.d5 c4 14.Bc2 a5 15.a4 Ba6 16.
axb5 Bxb5 17.Ra3 Ra6 18.Rfa1 Rfa8 19.Ba4 Qb7 20.Qe2 Ne8 21.R1a2 Nc5 22.
Bxc5 dxc5 23.Nd2 Nd6 24.Bxb5 Qxb5 25.Ra4 Bf8 26.Ngf1 Nc8 27.Ne3 Nb6 28.
R4a3 Bh6 29.Ng4 Bg7 30.Qf1 f5 31.Ne3 fxe4 32.Nxe4 Bh6 33.Nd6 Qd7 34.Ndxc4 
Bxe3 35.Nxe3 Kg7 36.Qd3 e4 37.Qxe4 Re8 38.Qd3 1-0

[Event "16th Unive op"]
[Site "Hoogeveen NED"]
[Date "2012.10.24"]
[Round "6.18"]
[White "Kollen, Zyon"]
[Black "Okkes, Menno"]
[Result "1/2-1/2"]
[WhiteElo "2174"]
[BlackElo "2368"]
[EventDate "2012.10.19"]
[PlyCount "168"]

1.e4 e5 2.Nf3 Nc6 3.Bb5 a6 4.Bxc6 dxc6 5.O-O Bg4 6.h3 h5 7.d3 Qf6 8.Nbd2 
Ne7 9.Re1 Ng6 10.d4 Nf4 11.dxe5 Qg6 12.Nh4 Qe6 13.hxg4 hxg4 14.Nf1 Rd8 15.
Bxf4 Rxd1 16.Rexd1 Rxh4 17.Bg5 Be7 18.Bxh4 Bxh4 19.g3 Bg5 20.Rd4 Qxe5 21.
Rad1 Qe6 22.b3 g6 23.Nh2 Bf6 24.Rd7 Be5 25.R7d3 Kf8 26.Nf1 Kg7 27.Ne3 b5 
28.c4 c5 29.Rd5 bxc4 30.bxc4 Bd6 31.Re1 Be7 32.Rdd1 Bf6 33.e5 Bxe5 34.Rd5 
f6 35.Rxc5 Kh7 36.Nd5 c6 37.Nxf6+ Qxf6 38.Rcxe5 Qf3 39.R5e4 Kh6 40.Rf4 Qc3
41.Re6 Qa1+ 42.Kg2 Kh5 43.Rff6 Qxa2 44.Rxc6 Qc2 45.c5 a5 46.Rxg6 a4 47.
Rge6 Qc3 48.Rcd6 Qf3+ 49.Kg1 Qf5 50.c6 a3 51.Rh6+ Kg5 52.Rdg6+ Qxg6 53.
Rxg6+ Kxg6 54.c7 a2 55.c8=Q a1=Q+ 56.Kg2 Qd1 57.Qe6+ Kg5 58.Qc6 Kf5 59.
Qb5+ Kg6 60.Qe5 Qf3+ 61.Kf1 Qd1+ 62.Qe1 Qd3+ 63.Qe2 Qb1+ 64.Kg2 Qb7+ 65.
Kh2 Qd7 66.Kg2 Qb7+ 67.Kh2 Qd7 68.Kg2 Qd4 69.Qc2+ Kf6 70.Kf1 Ke5 71.Qc7+ 
Kf5 72.Qf7+ Kg5 73.Ke2 Qe4+ 74.Kd2 Qd4+ 75.Kc2 Qe4+ 76.Kc3 Qe1+ 77.Kd4 
Qa1+ 78.Kc5 Qa5+ 79.Kd6 Qb6+ 80.Ke5 Qb2+ 81.Ke6 Qb3+ 82.Ke7 Qxf7+ 83.Kxf7 
Kf5 84.Ke7 Ke5 1/2-1/2

[Event "16th Unive op"]
[Site "Hoogeveen NED"]
[Date "2012.10.24"]
[Round "6.19"]
[White "Van 't Hof, Eric"]
[Black "Van der Poel, Henk"]
[Result "1-0"]
[WhiteElo "2137"]
[BlackElo "2306"]
[EventDate "2012.10.19"]
[PlyCount "69"]

1.d4 Nf6 2.c4 e6 3.Nc3 Bb4 4.Qc2 O-O 5.a3 Bxc3+ 6.Qxc3 d5 7.Bg5 c5 8.e3 
dxc4 9.dxc5 Ne4 10.Bxd8 Nxc3 11.Bh4 Na4 12.O-O-O Bd7 13.Bxc4 Nxc5 14.Nf3 
Rc8 15.Kb1 b5 16.Be2 Bc6 17.Rhg1 a5 18.Nd2 e5 19.Rc1 Nbd7 20.Be7 Ne4 21.
Nxe4 Bxe4+ 22.Ka1 Re8 23.Bd6 Re6 24.Rgd1 Bxg2 25.Bg4 Rxd6 26.Rxd6 Nf6 27.
Rc8+ Rxc8 28.Bxc8 h5 29.Rb6 b4 30.axb4 axb4 31.Rxb4 Kf8 32.Rb5 e4 33.Re5 
g6 34.b4 Bf1 35.b5 1-0

[Event "16th Unive op"]
[Site "Hoogeveen NED"]
[Date "2012.10.24"]
[Round "6.20"]
[White "Piasetski, Leon David"]
[Black "Vos, Tjark"]
[Result "1-0"]
[WhiteElo "2298"]
[BlackElo "2003"]
[EventDate "2012.10.19"]
[PlyCount "91"]

1.Nf3 Nf6 2.c4 g6 3.Nc3 Bg7 4.e4 d6 5.d4 O-O 6.h3 c5 7.d5 e6 8.Bd3 exd5 9.
exd5 Re8+ 10.Be3 Na6 11.O-O Nc7 12.a4 Nd7 13.Bf4 Ne5 14.Nxe5 dxe5 15.Be3 
b6 16.a5 f5 17.f3 Bb7 18.Kh1 Rf8 19.Na4 Qd6 20.Ra3 Na6 21.Re1 Rab8 22.Bf1 
Bc8 23.Nc3 Nc7 24.Qd2 Rf7 25.Qf2 f4 26.Bd2 Bf5 27.Na4 Bf6 28.Bd3 Qd8 29.
Qe2 Bh4 30.axb6 axb6 31.Rea1 Bxd3 32.Qxd3 Ne8 33.b4 Bf2 34.bxc5 bxc5 35.
Bc3 Rf5 36.Rb1 Ra8 37.Be1 Qh4 38.Bxf2 Qxf2 39.d6 Nf6 40.Nxc5 Rxa3 41.Qxa3 
e4 42.Qa8+ Kg7 43.Nxe4 Nxe4 44.Qxe4 Qd2 45.Rb7+ Kh6 46.Qe7 1-0

[Event "16th Unive op"]
[Site "Hoogeveen NED"]
[Date "2012.10.24"]
[Round "6.21"]
[White "Ben Artzi, Ido"]
[Black "Vogel, Jaap"]
[Result "1-0"]
[WhiteElo "2286"]
[BlackElo "2158"]
[EventDate "2012.10.19"]
[PlyCount "87"]

1.c4 f5 2.d4 Nf6 3.g3 e6 4.Bg2 c6 5.Nd2 d5 6.Nh3 Bd6 7.Qc2 O-O 8.O-O b6 9.
Nf3 Ne4 10.Bf4 Bb7 11.Bxd6 Nxd6 12.Nf4 Qe7 13.Ne5 Nd7 14.cxd5 cxd5 15.Qc7 
Rfd8 16.Nc4 dxc4 17.Bxb7 Nxb7 18.Qxb7 g5 19.Ng2 Rdb8 20.Qf3 Nf6 21.Ne3 b5 
22.d5 Re8 23.dxe6 Qxe6 24.Nxf5 Qe4 25.Qxe4 Nxe4 26.Rfd1 Rad8 27.Ne7+ Kf7 
28.Nc6 Rd2 29.Rxd2 Nxd2 30.Rd1 Rxe2 31.Nd4 Nf3+ 32.Nxf3 Rxb2 33.Rd7+ Ke6 
34.Rxa7 Kd5 35.Kg2 b4 36.Rd7+ Kc5 37.Rc7+ Kd5 38.Rd7+ Kc5 39.Nxg5 Rxa2 40.
Ne4+ Kb5 41.Rc7 b3 42.Nc3+ Kb4 43.Nxa2+ bxa2 44.Ra7 1-0

[Event "16th Unive op"]
[Site "Hoogeveen NED"]
[Date "2012.10.24"]
[Round "6.22"]
[White "Sadallah, Osama"]
[Black "Timmermans, Ivo"]
[Result "1/2-1/2"]
[WhiteElo "2126"]
[BlackElo "2254"]
[EventDate "2012.10.19"]
[PlyCount "56"]

1.d4 Nf6 2.c4 g6 3.Nf3 Bg7 4.Bf4 O-O 5.e3 d5 6.Nc3 c5 7.Be2 cxd4 8.Nxd4 
Nc6 9.Nxc6 bxc6 10.O-O Qa5 11.a3 Be6 12.Qb3 dxc4 13.Bxc4 Nd5 14.Bxd5 cxd5 
15.Qb7 Qb6 16.Qxb6 axb6 17.Rfd1 Ra7 18.Nb5 Ra5 19.Nd4 Rc8 20.Bg5 Rc7 21.b4
Ra4 22.Rac1 Rxc1 23.Rxc1 Rxa3 24.Bxe7 Bd7 25.h3 Be5 26.Bd8 b5 27.Bc7 Bxd4 
28.exd4 Ra6 1/2-1/2

[Event "16th Unive op"]
[Site "Hoogeveen NED"]
[Date "2012.10.24"]
[Round "6.24"]
[White "Schoehuys, Erik"]
[Black "De Ruiter, Danny"]
[Result "0-1"]
[WhiteElo "2123"]
[BlackElo "2182"]
[EventDate "2012.10.19"]
[PlyCount "62"]

1.d4 Nf6 2.c4 g6 3.Nc3 d5 4.Bf4 Bg7 5.e3 O-O 6.Rc1 c5 7.dxc5 Be6 8.Nf3 Qa5
9.Nd4 Ne4 10.Nxe6 fxe6 11.cxd5 Nxc3 12.Qd2 Qxa2 13.bxc3 Qxd2+ 14.Kxd2 exd5
15.Bb5 Rc8 16.Rc2 Rxc5 17.Rb1 a6 18.Bxb8 axb5 19.Bg3 Rac8 20.Rbc1 Rc4 21.
f3 Kf7 22.Be1 Ke6 23.Kd3 Kd7 24.Rb1 R8c5 25.Rb3 e5 26.e4 d4 27.Rxb5 Rxc3+ 
28.Bxc3 Rxb5 29.Bd2 Rb1 30.Bc1 b5 31.Bd2 Rb3+ 0-1

[Event "16th Unive op"]
[Site "Hoogeveen NED"]
[Date "2012.10.24"]
[Round "6.25"]
[White "Lorscheid, Gerhard"]
[Black "Kasparova, Tatiana"]
[Result "1-0"]
[WhiteElo "2267"]
[BlackElo "2126"]
[EventDate "2012.10.19"]
[PlyCount "71"]

1.d4 Nf6 2.Nf3 c5 3.d5 d6 4.Nc3 g6 5.e4 Bg7 6.Be2 O-O 7.O-O e6 8.Bf4 exd5 
9.exd5 Nh5 10.Bg5 Bf6 11.Bc1 Bg4 12.h3 Bxf3 13.Bxf3 Ng7 14.Ne4 Be7 15.g3 
Na6 16.h4 b5 17.Bf4 Rc8 18.Re1 Re8 19.c3 c4 20.Be3 Ra8 21.b4 Nc7 22.a4 a6 
23.Qd2 Qd7 24.Bg5 Qf5 25.Bxe7 Rxe7 26.Bg4 Qxe4 27.Rxe4 Rxe4 28.Bd7 bxa4 
29.Rxa4 Rb8 30.Kf1 Nge8 31.Ra1 Nf6 32.Bc6 Re5 33.Qd4 Ncxd5 34.Bxd5 Nxd5 
35.Rxa6 Rbe8 36.Rxd6 1-0

[Event "16th Unive op"]
[Site "Hoogeveen NED"]
[Date "2012.10.24"]
[Round "6.27"]
[White "Baskin, Robert"]
[Black "Grant, Jonathan"]
[Result "1/2-1/2"]
[WhiteElo "2071"]
[BlackElo "2217"]
[EventDate "2012.10.19"]
[PlyCount "124"]

1.e4 c6 2.d4 d5 3.Nc3 dxe4 4.Nxe4 Bf5 5.Ng3 Bg6 6.h4 h6 7.Nf3 Nd7 8.h5 Bh7
9.Bd3 Bxd3 10.Qxd3 e6 11.Bd2 Ngf6 12.O-O-O Bd6 13.Ne4 Nxe4 14.Qxe4 Qe7 15.
Kb1 O-O-O 16.c4 Rhe8 17.Bc3 Bb4 18.Bxb4 Qxb4 19.Qe2 c5 20.Ne5 Re7 21.dxc5 
Qxc5 22.Rhe1 Nxe5 23.Rxd8+ Kxd8 24.Qxe5 Qxe5 25.Rxe5 Rd7 26.Kc2 Rd4 27.Kc3
Rh4 28.f3 Rh2 29.g4 Rf2 30.Re3 Ke7 31.a3 g6 32.hxg6 fxg6 33.b4 h5 34.gxh5 
gxh5 35.Kd4 h4 36.Ke4 h3 37.f4 h2 38.Rh3 Kd6 39.Rh8 a6 40.Rh3 Ra2 41.Kd4 
Kd7 42.Rh6 b6 43.Rh3 Rd2+ 44.Ke5 Re2+ 45.Kd4 Ke7 46.c5 Rd2+ 47.Ke3 Ra2 48.
Kd4 b5 49.Rh7+ Kf6 50.c6 Rc2 51.c7 Rxc7 52.Rxh2 Rc4+ 53.Ke3 Rc3+ 54.Ke4 
Rxa3 55.Rh6+ Ke7 56.f5 exf5+ 57.Kxf5 a5 58.bxa5 Rxa5 59.Ke4 Kd7 60.Kd5 Ra8
61.Rb6 Kc7 62.Rxb5 Rd8+ 1/2-1/2

[Event "16th Unive op"]
[Site "Hoogeveen NED"]
[Date "2012.10.24"]
[Round "6.28"]
[White "Clemens, Adrian HP"]
[Black "Van Osch, Mees"]
[Result "1-0"]
[WhiteElo "2213"]
[BlackElo "2083"]
[EventDate "2012.10.19"]
[PlyCount "99"]

1.d4 d6 2.c4 e5 3.d5 f5 4.e4 Nf6 5.exf5 Bxf5 6.Ne2 Be7 7.Ng3 Bg6 8.Nc3 O-O
9.Bd3 Bf7 10.O-O c6 11.Be3 cxd5 12.cxd5 Nbd7 13.Bf5 Kh8 14.Qb3 b6 15.Rfd1 
Nh5 16.Qc2 g6 17.Be6 Ng7 18.Bh3 Rc8 19.Rac1 Rc4 20.Qd3 Rc7 21.b4 Nf6 22.
Nge4 Be8 23.Ng5 Bd7 24.Ne6 Nxe6 25.dxe6 Bc6 26.Bg5 Ne8 27.Bh6 Rg8 28.Be3 
Nf6 29.Bg5 Ne8 30.Bxe7 Qxe7 31.Nd5 Bxd5 32.Qxd5 Rxc1 33.Rxc1 Nf6 34.Qc6 
Re8 35.Qc7 Kg7 36.g3 Kf8 37.Qc3 Ne4 38.Qf3+ Nf6 39.Qc3 Rd8 40.b5 Kg7 41.
Qc7 Re8 42.f3 Kf8 43.Qc3 Nd5 44.Qc6 Nf6 45.Qc3 Rd8 46.Qc7 Nd5 47.Qc4 Qg5 
48.Rf1 Ne3 49.Qc1 Qh6 50.Qc7 1-0

[Event "16th Unive op"]
[Site "Hoogeveen NED"]
[Date "2012.10.24"]
[Round "6.29"]
[White "Mellema, Andries"]
[Black "Majhi, Ankit"]
[Result "0-1"]
[WhiteElo "2181"]
[BlackElo "1923"]
[EventDate "2012.10.19"]
[PlyCount "80"]

1.e4 e5 2.Bc4 Nf6 3.d3 d5 4.exd5 Nxd5 5.Nf3 Nc6 6.O-O Nb6 7.Bb5 Bd6 8.Re1 
f6 9.d4 O-O 10.Bxc6 bxc6 11.dxe5 fxe5 12.Bg5 Qe8 13.Bh4 Bg4 14.Nbd2 Qg6 
15.Bg3 Rae8 16.Qc1 Bxf3 17.Nxf3 e4 18.Bxd6 cxd6 19.Nd4 Qf6 20.Qd2 Nc4 21.
Qc3 Qxf2+ 22.Kh1 d5 23.h3 Qf6 24.b3 Ne5 25.Qc5 Qe7 26.Qxe7 Rxe7 27.Kg1 Rf6
28.Re2 Kf7 29.Rd1 Ng6 30.b4 Nf4 31.Re3 Rb7 32.a3 g5 33.Rf1 Rc7 34.Rc3 Ke7 
35.Kh2 Kd7 36.Rg3 h6 37.h4 Kc8 38.hxg5 hxg5 39.Rxg5 Ne2 40.Rff5 Rxf5 0-1

[Event "16th Unive op"]
[Site "Hoogeveen NED"]
[Date "2012.10.24"]
[Round "6.30"]
[White "Voss, Herman"]
[Black "Veinberg, Nimrod"]
[Result "0-1"]
[WhiteElo "2015"]
[BlackElo "2170"]
[EventDate "2012.10.19"]
[PlyCount "50"]

1.e4 e5 2.Nf3 Nc6 3.Bb5 a6 4.Ba4 Nf6 5.O-O Nxe4 6.d4 b5 7.Bb3 d5 8.dxe5 
Be6 9.c3 Be7 10.Nbd2 Nc5 11.Bc2 Bg4 12.Re1 O-O 13.Nb3 Qd7 14.Nxc5 Bxc5 15.
Qd3 g6 16.Bh6 Rfe8 17.Rad1 Rad8 18.a4 Re6 19.axb5 axb5 20.Bb3 Bxf3 21.Qxf3
Qe7 22.Rxd5 Rxd5 23.Qxd5 g5 24.Bxg5 Qxg5 25.Qxc5 Rxe5 0-1

[Event "16th Unive op"]
[Site "Hoogeveen NED"]
[Date "2012.10.24"]
[Round "6.31"]
[White "Henseler, Jorgen"]
[Black "Van der Raaf, Erik"]
[Result "1/2-1/2"]
[WhiteElo "2062"]
[BlackElo "2163"]
[EventDate "2012.10.19"]
[PlyCount "48"]

1.e4 e6 2.d4 d5 3.Nc3 Nf6 4.Bg5 Bb4 5.e5 h6 6.Bd2 Bxc3 7.bxc3 Ne4 8.Qg4 
Kf8 9.Bd3 Nxd2 10.Kxd2 c5 11.Nf3 c4 12.Be2 Nc6 13.h4 b5 14.a3 a5 15.h5 Bd7
16.Rhb1 b4 17.axb4 axb4 18.cxb4 Rxa1 19.Rxa1 Nxb4 20.c3 Nc6 21.Bd1 Na5 22.
Rb1 Qa8 23.Ke3 Nc6 24.Bc2 Qa2 1/2-1/2

[Event "16th Unive op"]
[Site "Hoogeveen NED"]
[Date "2012.10.24"]
[Round "6.32"]
[White "Haver, Bas"]
[Black "Vroombout, Enrico"]
[Result "1/2-1/2"]
[WhiteElo "2044"]
[BlackElo "2243"]
[EventDate "2012.10.19"]
[PlyCount "59"]

1.e4 c6 2.d4 d5 3.Nc3 dxe4 4.Nxe4 Bf5 5.Ng3 Bg6 6.Nf3 Nd7 7.h4 h6 8.h5 Bh7
9.Bc4 e6 10.Qe2 Ngf6 11.Ne5 Nxe5 12.dxe5 Nd5 13.Ne4 Bb4+ 14.c3 Bxe4 15.
cxb4 Bxg2 16.Rh2 Nxb4 17.Rxg2 Qh4 18.Rg1 O-O-O 19.a3 Rd4 20.Bxe6+ fxe6 21.
axb4 Rhd8 22.Be3 Rxb4 23.Rxa7 Kb8 24.b3 Rxb3 25.Ra8+ Kxa8 26.Qa2+ Kb8 27.
Qxb3 Qxh5 28.Rxg7 Qh1+ 29.Ke2 Qh5+ 30.Ke1 1/2-1/2

[Event "16th Unive op"]
[Site "Hoogeveen NED"]
[Date "2012.10.24"]
[Round "6.33"]
[White "Klapwijk, Bram"]
[Black "Klomp, Robert"]
[Result "1/2-1/2"]
[WhiteElo "2039"]
[BlackElo "2119"]
[EventDate "2012.10.19"]
[PlyCount "93"]

1.e4 e6 2.Nc3 d5 3.Nf3 Nf6 4.e5 Nfd7 5.d4 c5 6.dxc5 Nc6 7.Bf4 Bxc5 8.Bd3 
a6 9.Qe2 Nb4 10.O-O Be7 11.Nd4 Nc5 12.Be3 Ncxd3 13.cxd3 O-O 14.f4 Bd7 15.
Rac1 f6 16.Qg4 f5 17.Qe2 Rc8 18.a3 Nc6 19.Qf2 Qa5 20.Nb3 Qd8 21.Bb6 Qe8 
22.Nc5 Nd8 23.b4 Rf7 24.Ne2 Bxc5 25.Rxc5 Rxc5 26.Qxc5 Bb5 27.Rd1 Rd7 28.
Nd4 Ba4 29.Rc1 Nc6 30.Nxc6 Bxc6 31.Kf2 Qh5 32.Kg1 Qg4 33.Qd4 Qe2 34.h3 Kf7
35.Rc3 Qd2 36.Kh2 g5 37.fxg5 Qxg5 38.Rc2 Kg8 39.Rf2 Rg7 40.Qe3 Qxe3 41.
Bxe3 Bb5 42.Rd2 Rc7 43.Bc5 b6 44.Bxb6 Rc3 45.d4 Rxa3 46.Rf2 Kg7 47.Bc5 
1/2-1/2

[Event "16th Unive op"]
[Site "Hoogeveen NED"]
[Date "2012.10.24"]
[Round "6.34"]
[White "Lesman, Francis"]
[Black "Kazarian, Anna-Maja"]
[Result "1/2-1/2"]
[WhiteElo "2100"]
[BlackElo "1864"]
[EventDate "2012.10.19"]
[PlyCount "69"]

1.d4 d5 2.c4 e6 3.Nf3 Nf6 4.g3 Bb4+ 5.Bd2 Be7 6.Bg2 O-O 7.Qc2 c6 8.O-O 
Nbd7 9.Bf4 Ne4 10.Nc3 Ndf6 11.Rad1 Nxc3 12.Qxc3 Ne4 13.Qc2 a5 14.Ne1 Nf6 
15.Nd3 Nd7 16.b3 Nb8 17.Qb2 Na6 18.a3 b5 19.Rc1 Bd6 20.Bxd6 Qxd6 21.cxb5 
cxb5 22.Nc5 Nxc5 23.Rxc5 Bd7 24.Rfc1 Rfc8 25.Qd2 Rxc5 26.dxc5 Qc7 27.e4 
Bc6 28.exd5 exd5 29.Qd4 Qe7 30.Rd1 Rd8 31.Qh4 h6 32.Bf3 Qe6 33.b4 a4 34.
Rd3 Qe1+ 35.Kg2 1/2-1/2

[Event "16th Unive op"]
[Site "Hoogeveen NED"]
[Date "2012.10.24"]
[Round "6.38"]
[White "Gieben, Stijn"]
[Black "Van der Lende, Nathalie"]
[Result "1-0"]
[WhiteElo "2068"]
[BlackElo "1968"]
[EventDate "2012.10.19"]
[PlyCount "73"]

1.e4 c5 2.Nf3 g6 3.d4 cxd4 4.Nxd4 Bg7 5.Nc3 Nc6 6.Nxc6 bxc6 7.Be3 Nf6 8.e5
Ng8 9.f4 Nh6 10.Be2 O-O 11.O-O f6 12.exf6 exf6 13.Bf3 Kh8 14.Na4 Qa5 15.c3
Re8 16.Re1 Nf5 17.Bf2 Rd8 18.g4 Nh6 19.Nc5 d5 20.h3 Qc7 21.Qd2 Nf7 22.Re2 
Nd6 23.Rae1 Ne4 24.Qc1 f5 25.Bd4 Qe7 26.g5 Qd6 27.h4 Rb8 28.a3 Bd7 29.b4 
Re8 30.h5 a5 31.Rh2 gxh5 32.Bxh5 Nxg5 33.Bxg7+ Kxg7 34.Rg2 Rxe1+ 35.Qxe1 
Re8 36.Rxg5+ Kh8 37.Bxe8 1-0